Prognóza mortality v Slovenskej republike diplomová práca

Saved in:
Bibliographic Details
Main Author: Olešnaníková, Simona
Corporate Author: Fakulta hospodárskej informatiky EU. Katedra matematiky a aktuárstva
Other Authors: Kaderová, Andrea
Format: Book
Language:Slovak
Published: Bratislava 2020
Tags: Add Tag
No Tags, Be the first to tag this record!

MARC

LEADER 00000nbm a2200000 4500
001 0266729
005 20210505120503.8
041 0 |a slo 
044 |a SK 
245 1 0 |a Prognóza mortality v Slovenskej republike  |b diplomová práca  |c Simona Olešnaníková ; školiteľ: Andrea Kaderová 
264 1 |a Bratislava  |c 2020 
300 |a 68 s. 
100 1 |a Olešnaníková, Simona 
700 1 |a Kaderová, Andrea 
710 2 |a Fakulta hospodárskej informatiky EU. Katedra matematiky a aktuárstva